000 00516nam a2200169 i 4500
001 50766
003 ES-MaACL
005 20230906162232.0
007 t|
008 030806s1908 fr ||||1| fre d
100 1 _aCurie, Pierre.
_942213
245 1 0 _aOeuvres /
_cde Pierre Curie ; publiees par les soins de la Societé Francaise de Physique.
260 _aParis :
_bGauthier-Villars,
_c1908.
300 _aXXII, 622 p. ;
_c26 cm.
710 2 _aSocieté Française de Physique.
_96855
852 _aES-MaACL
_jF-4370
999 _c50766
_d50766